000 00805nam a22002897a 4500
001 0000141
003 KOHA_MİRAKIL
005 20260207001201.0
007 ta
008 081212b2009 tu |||gr||||#||||0|tur |
020 _a9789755112871
_c18,690000000000001
040 _aTR-BiSEU
_btur
_cTR-BiSEU
_erda
041 0 _atur
044 _ctu
050 _aTE145
_b.Y39 2008
100 1 _aYayla, Nadir.
245 1 _aKarayolu mühendisliği/
_cNadir Yayla ; Nadir Yayla.
264 1 _aİstanbul :
_bBirsen
_c2009
300 _a285 sayfa
336 _ametin
_btxt
_2rdacontent
337 _aaracısız
_bn
_2rdamedia
338 _acilt
_bnc
_2rdacarrier
500 _aKaynakça ve dizin var.
650 0 _aKarayolu tasarımı.
_91877
650 0 _aKarayolu mühendisliği.
_91878
942 _2lcc
_cBK
999 _c142
_d142